Speed Skating Oscar Winners - Statistics

General Stats
  • This quiz has been taken 17 times
    12 since last reset
  • The average score is 28 of 65
Answer Stats
Year Nationality Answer % Correct
2023 USA Jordan Stolz
78%
1972 Netherlands Ard Schenk
67%
1971 Netherlands Ard Schenk
67%
1970 Netherlands Ard Schenk
67%
2013 Netherlands Ireen Wüst
67%
1967 Netherlands Kees Verkerk
67%
1966 Netherlands Kees Verkerk
67%
2019 Netherlands Kjeld Nuis
67%
2010 Czech Republic Martina Sábliková
67%
2022 Sweden Nils van der Poel
67%
2021 Sweden Nils van der Poel
67%
2009 USA Shani Davis
67%
2005 USA Shani Davis
67%
2017 Netherlands Sven Kramer
67%
2007 Netherlands Sven Kramer
67%
1992 USA Bonnie Blair
56%
2004 USA Chad Hedrick
56%
2006 Canada Cindy Klassen
56%
1980 USA Eric Heiden
56%
1979 USA Eric Heiden
56%
1978 USA Eric Heiden
56%
1977 USA Eric Heiden
56%
2000 Netherlands Gianni Romme
56%
1997 Germany Gunda Niemann
56%
1996 Germany Gunda Niemann
56%
1995 Germany Gunda Niemann
56%
1994 Norway Johan Olav Koss
56%
1991 Norway Johan Olav Koss
56%
1990 Norway Johan Olav Koss
56%
1999 Netherlands Rintje Ritsma
56%
2003 Germany Anni Friesinger
44%
2015 USA Brittany Bowe
44%
1993 Netherlands Falko Zandstra
44%
2008 Canada Jeremy Wotherspoon
44%
2002 Netherlands Jochem Uytdehaage
44%
2016 Canada Ted-Jan Bloemen
44%
1998 Norway Ådne Søndrål
33%
2011 Netherlands Bob de Jong
33%
2012 Canada Christine Nesbitt
33%
1984 Canada Gaétan Boucher
33%
1986 Norway Geir Karlstad
33%
2018 Norway Håvard Holmefjord Lorentzen
33%
1985 Netherlands Hein Vergeer
33%
2001 Japan Hiroyasu Shimizu
33%
2014 Netherlands Jorrit Bergsma
33%
1989 Netherlands Leo Visser
33%
1988 Sweden Tomas Gustafson
33%
1982 Sweden Tomas Gustafson
33%
1981 Norway Amund Sjøbrend
22%
1960 USSR Boris Stenin
22%
1968 Norway Fred Anton Maier
22%
1961 Netherlands Henk van der Grift
22%
2020 Russia Natalya Voronina
22%
1987 USSR Nikolay Gulyayev
22%
1983 Norway Rolf Falk-Larssen
22%
1976 Norway Sten Stensen
22%
1974 Norway Sten Stensen
22%
1964 USSR Ants Antson
11%
1969 Norway Dag Fornæss
11%
1973 Sweden Göran Claeson
11%
1962 Sweden Jonny Nilson
11%
1959 Norway Knutt Johannesen
11%
1963 Norway Nils Aaness
11%
1965 Norway Per Ivar Moe
11%
1975 USSR Yevgeny Kulikov
11%
No matching quizzes found
Score Distribution
Percent of People with Each Score
Percentile by Number Answered
Your Score History
You have not taken this quiz since the last reset